| 000 | 00848nas a2200253 4500 | ||
|---|---|---|---|
| 001 | BR8102410 | ||
| 003 | BR-BrBNA | ||
| 005 | 20231205084658.0 | ||
| 007 | ta | ||
| 008 | 230509b bl.|||p| |||| 00| 00por d | ||
| 040 |
_aBR-BrBNA _bpor _cBiblioteca Nacional de Agricultura |
||
| 041 | _a(Pt) | ||
| 072 | _aP00 | ||
| 100 | 1 | _aSilva, R. da R. e | |
| 245 | 1 | _aSobre a protecao do jacare de papo amarelo, Caiman latirostris [Recurso natural; Fauna; Conservacao; Brasil] | |
| 246 | 1 | _a[On the protection of Caiman latirostris [Natural resource; Fauna; Conservation; Brazil]] | |
| 650 | _aRecurso natural | ||
| 650 | _aJacare | ||
| 650 | _aFauna | ||
| 650 | _aConservacao | ||
| 773 | 0 |
_tBrasil Florestal (Brazil) _xISSN 0045-270X _g(Apr 1981), v. 11(46) p. 21-26 _wBR8102410 |
|
| 909 |
_a202311 _bLúcia _c55 _dLúcia Elande |
||
| 942 |
_2AGRIS _n0 _cANA |
||
| 999 |
_c106623 _d106623 |
||